| 000 | 00510nam a2200181Ia 4500 | ||
|---|---|---|---|
| 003 | IN-BaIIA | ||
| 008 | 211028s9999 xx 000 0 eng d | ||
| 040 | _cIIA Library | ||
| 080 |
_a530.1 _bJOO |
||
| 100 |
_aJoos, Georg _92367 |
||
| 245 | 0 |
_aTheoretical physics _cGeorg Joos |
|
| 250 | _a3rd ed. | ||
| 260 |
_aLondon _bBlackie & Sons _c1958 |
||
| 300 | _axxii, 885p. | ||
| 650 |
_aBasic principles of physics _933884 |
||
| 650 |
_aPhysics _973 |
||
| 942 | _cBK | ||
| 999 |
_c17841 _d17841 |
||